<?xml version="1.0" encoding="UTF-8"?>
<record
    xmlns:xsi="http://www.w3.org/2001/XMLSchema-instance"
    xsi:schemaLocation="http://www.loc.gov/MARC21/slim http://www.loc.gov/standards/marcxml/schema/MARC21slim.xsd"
    xmlns="http://www.loc.gov/MARC21/slim">

  <leader>00631nam a2200193 a 4500</leader>
  <controlfield tag="001">4707</controlfield>
  <controlfield tag="003">CDMR</controlfield>
  <controlfield tag="005">20130419120002.0</controlfield>
  <controlfield tag="008">130130s1994||||||||||||||||||||||||||||d</controlfield>
  <datafield tag="020" ind1=" " ind2=" ">
    <subfield code="a">9788499000596</subfield>
  </datafield>
  <datafield tag="040" ind1=" " ind2=" ">
    <subfield code="a">CDMR</subfield>
    <subfield code="b">cat</subfield>
    <subfield code="c">CPC GIRONA</subfield>
  </datafield>
  <datafield tag="100" ind1="1" ind2=" ">
    <subfield code="9">3227</subfield>
    <subfield code="a">Madue&#xF1;o, Pedro</subfield>
  </datafield>
  <datafield tag="245" ind1="1" ind2="0">
    <subfield code="a">Pedro Madue&#xF1;o</subfield>
    <subfield code="b">: retrats period&#xED;stics : 1977-2012</subfield>
  </datafield>
  <datafield tag="260" ind1=" " ind2=" ">
    <subfield code="a">Barcelona</subfield>
    <subfield code="b">Fundaci&#xF3; "la Caixa"</subfield>
    <subfield code="c">DL 2012</subfield>
  </datafield>
  <datafield tag="300" ind1=" " ind2=" ">
    <subfield code="a">72 p.</subfield>
    <subfield code="b">il. </subfield>
  </datafield>
  <datafield tag="500" ind1=" " ind2=" ">
    <subfield code="a">Cat&#xE0;leg de l'exposici&#xF3; Pedro Madue&#xF1;o. Retrats period&#xED;stics, 1977-2012, organitzada per l'Obra Social "la Caixa"</subfield>
  </datafield>
  <datafield tag="650" ind1="0" ind2="1">
    <subfield code="9">3145</subfield>
    <subfield code="a">Fotografia</subfield>
    <subfield code="x">Exposicions</subfield>
  </datafield>
  <datafield tag="942" ind1=" " ind2=" ">
    <subfield code="c">MON</subfield>
    <subfield code="2">udc</subfield>
  </datafield>
  <datafield tag="999" ind1=" " ind2=" ">
    <subfield code="c">4707</subfield>
    <subfield code="d">4707</subfield>
  </datafield>
  <datafield tag="952" ind1=" " ind2=" ">
    <subfield code="0">0</subfield>
    <subfield code="1">0</subfield>
    <subfield code="4">0</subfield>
    <subfield code="7">0</subfield>
    <subfield code="a">CDMR</subfield>
    <subfield code="b">CDMR</subfield>
    <subfield code="d">2013-01-16</subfield>
    <subfield code="l">0</subfield>
    <subfield code="o">Dk</subfield>
    <subfield code="p">CDMR13046229</subfield>
    <subfield code="r">2013-04-19</subfield>
    <subfield code="w">2013-04-19</subfield>
    <subfield code="y">MON</subfield>
  </datafield>
</record>
